Central Library, Doon University
WEBOPAC (ONLINE PUBLIC ACCESS CATALOGUE)

Atomic and Molecular Physics (Record no. 60954)

MARC details
000 -LEADER
fixed length control field 00454nam a22001817a 4500
005 - DATE & TIME
control field 20260602125744.0
008 - FIXED-LENGTH DATA ELEMENTS--GENERAL INFORMATION
fixed length control field 260602b |||||||| |||| 00| 0 eng d
020 ## - ISBN
International Standard Book Number 9788183423908
Price 995.00
040 ## - CATALOGING SOURCE
Original cataloging agency Doon University
041 ## - Language
Language English
082 ## - DDC NUMBER
Classification number 539.7
Book Number TRI
100 ## - MAIN ENTRY--PERSONAL NAME
Personal name Tripathi, R.K.
245 ## - TITLE STATEMENT
Title Atomic and Molecular Physics
260 ## - PUBLICATION, DISTRIBUTION, ETC. (IMPRINT)
Place of publication, distribution, etc New Delhi
Name of publisher, distributor, etc Crescent
Date of publication, distribution, etc 2017
300 ## - PHYSICAL DESCRIPTION
Pages 258
650 ## - Subject
Subject Physics (PM USHA)
942 ## - ADDED ENTRY ELEMENTS (KOHA)
Koha item type Books
100 ## - MAIN ENTRY--PERSONAL NAME
-- 18257
650 ## - Subject
-- 26699
952 ## - LOCATION AND ITEM INFORMATION (KOHA)
-- 2026-06-02
952 ## - LOCATION AND ITEM INFORMATION (KOHA)
-- 2026-06-02
952 ## - LOCATION AND ITEM INFORMATION (KOHA)
-- 2026-06-02
Holdings
Withdrawn status Lost status Source of classification or shelving scheme Damaged status Not for loan Location (home branch) Sublocation or collection (holding branch) Date acquired Koha full call number Accession No. Koha date last seen Koha item type Koha issues (times borrowed)
        Not For Loan Doon University Doon University 02.06.2026 539.7 TRI 33218 02.06.2026 Reference  
          Doon University Doon University 02.06.2026 539.7 TRI 33219 02.06.2026 Books  
          Doon University Doon University 02.06.2026 539.7 TRI 33220 02.06.2026 Books  
Contact : +91-135-2533126 (Library),+91-135-2533105 (Admin Office) , Email : doonlibrary@gmail.com

Powered by Koha